Introduction to Probability and Statistics

Αποθηκεύτηκε σε:
Λεπτομέρειες βιβλιογραφικής εγγραφής
Κύριος συγγραφέας: Mendenhall, William
Άλλοι συγγραφείς: Beaver, Robert J.
Μορφή: Βιβλίο
Γλώσσα:English
Δημοσίευση: Boston : PWS-Kent Pub. Co., c1991
Έκδοση:8th ed.
Θέματα:
Ετικέτες: Προσθήκη ετικέτας
Δεν υπάρχουν, Καταχωρήστε ετικέτα πρώτοι!

MARC

LEADER 00000cam a2200000 i 4500
001 1/38333
008 941103s1991 eng d
020 |a 0534924093 
020 |a 0534982646 
035 |l 10040741 
035 |a 1993  |c ΤΡΥΨΙΑΝΝΗΣ 
040 |a GR-MY-UA  |b gre  |e aacr 
041 0 |a eng 
082 0 |a 519.5  |2 (20) 
100 1 |a Mendenhall, William. 
245 1 0 |a Introduction to Probability and Statistics /  |c William Mendenhall, Robert J. Beaver 
250 |a 8th ed. 
260 |a Boston :   |b PWS-Kent Pub. Co.,   |c c1991 
300 |a xv, 716 p.;  |b ill.;  |c 25 cm 
500 |a Includes index 
650 0 0 |a Mathematical statistics. 
650 0 0 |a Probabilities. 
700 1 |a Beaver, Robert J. 
852 |a INST  |b SAMOS  |e 19941103  |h 519.5 MEN  |p 005300005441  |q 005300005441  |t BK  |y 0 
909 |a Σ  |b 030915